[Event "39th Olympiad Women"]
[Site "Khanty-Mansiysk RUS"]
[Date "2010.09.23"]
[Round "3"]
[White "Mkrtchian, Lilit"]
[Black "Jonoska, Katerina"]
[Result "1-0"]
[WhiteTitle "IM"]
[WhiteElo "2484"]
[BlackElo "2012"]
[Board "23.2"]
[WhiteTeam "ARM"]
[BlackTeam "MKD"]
[WhiteFideId "13300601"]
[BlackFideId "15002551"]
[EventDate "2010.09.21"]
[EventType "team"]

1. d4 Nf6 2. c4 g6 3. Nc3 Bg7 4. e4 d6 5. Nf3 O-O 6. h3 Qe8 7. Be3 Na6 8. g4 e5
9. d5 Nd7 10. Nd2 Kh8 11. Be2 f5 12. f3 Ndc5 13. a3 Bd7 14. Qc2 c6 15. h4 f4 16.
Bf2 h6 17. g5 cxd5 18. exd5 h5 19. Nde4 Bf5 20. b4 Nxe4 21. Nxe4 Nc7 22. Bd3 Qd7
23. Rd1 b6 24. Kf1 Rac8 25. Qb3 Ne8 26. Kg2 Rf7 27. c5 bxc5 28. bxc5 dxc5 29.
Bb5 Qd8 30. d6 Rb7 31. Qa4 Bxe4 32. d7 Nc7 33. dxc8=Q Qxc8 34. Bd7 Bxf3+ 35.
Kxf3 Qb8 36. Qe4 Rb3+ 37. Kg2 Rxa3 38. Qxg6 Qb7+ 39. Bc6 Qb8 40. Rd7 f3+ 41. Kh3
Kg8 42. Qxg7# 1-0

[Event "39th Olympiad Women"]
[Site "Khanty-Mansiysk RUS"]
[Date "2010.09.23"]
[Round "3"]
[White "Kharatyan, Anahit"]
[Black "Bejatovic, Bojana"]
[Result "1-0"]
[WhiteTitle "WFM"]
[WhiteElo "2039"]
[BlackElo "1891"]
[Board "23.4"]
[WhiteTeam "ARM"]
[BlackTeam "MKD"]
[WhiteFideId "13302574"]
[BlackFideId "15000141"]
[EventDate "2010.09.21"]
[EventType "team"]

1. e4 d6 2. d4 Nf6 3. Nc3 g6 4. f3 c6 5. Be3 b5 6. Qd2 Nbd7 7. g4 Nb6 8. g5 Nfd7
9. d5 Ne5 10. dxc6 Nbc4 11. Qf2 Nxe3 12. Qxe3 a6 13. Nd5 Bg7 14. c7 Qd7 15. Nb6
Qc6 16. Nxa8 Qxa8 17. a4 bxa4 18. Qb6 Nd7 19. Qb4 Qc6 20. Qxa4 Qxc7 21. c3 O-O
22. Ne2 Qb6 23. Qc2 Qe3 24. Bg2 Ne5 25. Rd1 Qxg5 26. Kf2 Bh6 27. h4 Qe3+ 28. Kg3
Ng4 29. Rhf1 e5 30. Bh3 Qf4+ 31. Nxf4 Bxf4+ 32. Kg2 Ne3+ 33. Kf2 Nxc2 34. Bxc8
Rxc8 35. Rxd6 a5 36. Rfd1 Kg7 37. Ra6 Ne3 38. Rd7 Nc4 39. b3 Be3+ 40. Ke2 Nb6
41. Rd3 Bc5 42. Rxa5 h5 43. Rb5 Rc6 44. c4 Be7 45. c5 Na8 46. b4 Bxh4 47. Rb7
Nc7 48. Rd7 Ne6 49. Rxf7+ Kh6 50. Kd3 Be1 51. Rfe7 Nxc5+ 52. bxc5 Rxc5 53. Rb6
Ba5 54. Ra6 Kg5 55. Ree6 Bd8 56. Rad6 Ba5 57. Rxg6+ Kh4 58. Rd5 Rc3+ 59. Ke2 Bc7
60. Rd1 Rc2+ 61. Kd3 Rh2 62. Rdg1 Ba5 63. Rh6 Bd2 64. Rg4+ 1-0

[Event "39th Olympiad Women"]
[Site "Khanty-Mansiysk RUS"]
[Date "2010.09.23"]
[Round "3"]
[White "Maisuradze, Nino"]
[Black "Lo, Yin Ling Melissa"]
[Result "1-0"]
[WhiteTitle "WGM"]
[WhiteElo "2273"]
[BlackElo "1814"]
[Board "24.4"]
[WhiteTeam "FRA"]
[BlackTeam "SIN"]
[WhiteFideId "13601717"]
[BlackFideId "5801001"]
[EventDate "2010.09.21"]
[EventType "team"]

1. b3 Nf6 2. Bb2 e6 3. f4 d5 4. Nf3 Nbd7 5. e3 Bd6 6. Be2 a6 7. O-O O-O 8. Qe1
Re8 9. Ne5 c5 10. g4 Nf8 11. d3 N6d7 12. Nd2 f6 13. Nxd7 Bxd7 14. Bf3 Bc6 15.
Qf2 e5 16. Qg2 Bc7 17. f5 Qe7 18. Bxd5+ Bxd5 19. Qxd5+ Kh8 20. Qxb7 Reb8 21. Qg2
Nd7 22. e4 Rd8 23. Rf3 Nb6 24. Rg3 Rac8 25. Rf1 a5 26. a4 Rd7 27. Bc3 Ra8 28. g5
Bd6 29. Kh1 Raa7 30. gxf6 Qxf6 31. Nf3 Nc8 32. Rg1 Nb6 33. Qh3 Kg8 34. Ng5 h6
35. Ne6 1-0

[Event "39th Olympiad Women"]
[Site "Khanty-Mansiysk RUS"]
[Date "2010.09.23"]
[Round "3"]
[White "Ortiz, Nadya Karolina"]
[Black "Zsiltzova-Lisenko, Lubov"]
[Result "1-0"]
[WhiteTitle "WIM"]
[BlackTitle "WIM"]
[WhiteElo "2212"]
[BlackElo "2282"]
[Board "25.1"]
[WhiteTeam "COL"]
[BlackTeam "IBCA"]
[WhiteFideId "4401778"]
[BlackFideId "14101360"]
[EventDate "2010.09.21"]
[EventType "team"]

1. e4 c5 2. Nf3 Nc6 3. d4 cxd4 4. Nxd4 Qb6 5. Nb5 Nf6 6. N1c3 a6 7. Be3 Qa5 8.
Na3 b5 9. Bd2 Qc7 10. Nd5 Nxd5 11. exd5 Qe5+ 12. Be2 Qxd5 13. O-O Nd4 14. Bd3
Bb7 15. f3 Qh5 16. c4 e6 17. cxb5 axb5 18. Be3 Bd6 19. f4 Qd5 20. Rf2 Bxa3 21.
bxa3 Nf5 22. Bxf5 Qxf5 23. Rc1 O-O 24. Qxd7 Qe4 25. Qd4 Rfc8 26. Qxe4 Bxe4 27.
Rc5 Rxc5 28. Bxc5 Rc8 29. Rd2 h6 30. Bd4 Kh7 31. Kf2 Kg6 32. Ke3 Bd5 33. Rb2 Rc1
34. g3 Rh1 35. Bc3 f6 36. Kd4 Kf5 37. Kc5 Rc1 38. Kb4 Bc6 39. Re2 h5 40. Rd2 h4
41. Rd6 Bd5 42. Rd7 h3 43. Rxg7 Rh1 44. Rf7 Rxh2 45. Rxf6+ Ke4 46. Rh6 Rh1 47.
Be5 h2 48. Ka5 Bxa2 49. g4 Bb1 50. Bb8 Ba2 51. g5 Bd5 52. Be5 Bc4 53. g6 Rg1 54.
g7 Rg2 55. Rxh2 Rxh2 56. g8=Q Re2 57. Qd8 Kf5 58. Bd6 Ke4 59. Qg5 Kd3 60. Qg3+
Ke4 61. Kb6 Kd5 62. Qg5+ Ke4 63. Kc5 Ra2 64. Qg3 Rd2 65. Qe1+ Re2 66. Qh1+ Kf5
67. a4 Rd2 68. a5 Ra2 69. Kb6 Rd2 70. Kc7 Ra2 71. Qe1 Kg4 72. Kb6 Re2 73. Qg1+
Kf3 74. a6 Rd2 75. Bc5 Ra2 76. Qe3+ Kg4 77. a7 Bd5 78. Kxb5 Rb2+ 79. Bb4 Ra2 80.
Qd4 Ba8 81. Ba5 Rh2 82. Qg7+ Kf3 83. Qf8 Rh5+ 84. Ka6 Bd5 85. Bc7 Rh7 86. Kb6
Rh2 87. a8=Q Rb2+ 88. Kc5 1-0

[Event "39th Olympiad Women"]
[Site "Khanty-Mansiysk RUS"]
[Date "2010.09.23"]
[Round "3"]
[White "Stolarczyk, Anna"]
[Black "Chirivi C, Jenny Astrid"]
[Result "0-1"]
[WhiteTitle "WCM"]
[BlackTitle "WIM"]
[WhiteElo "2071"]
[BlackElo "2227"]
[Board "25.2"]
[WhiteTeam "IBCA"]
[BlackTeam "COL"]
[WhiteFideId "1126423"]
[BlackFideId "4403061"]
[EventDate "2010.09.21"]
[EventType "team"]

1. d4 d5 2. c4 c6 3. Nf3 Nf6 4. Nc3 e6 5. Bg5 h6 6. Bh4 dxc4 7. a4 Bb4 8. Qc2
Nbd7 9. e3 b5 10. Be2 Bb7 11. O-O a6 12. e4 Be7 13. e5 Nd5 14. Bxe7 Qxe7 15. Ne4
O-O 16. Nd6 N7b6 17. Nd2 f5 18. Kh1 Nc8 19. Nxc8 Raxc8 20. g4 c5 21. Bf3 fxg4
22. Bg2 Nf4 0-1

[Event "39th Olympiad Women"]
[Site "Khanty-Mansiysk RUS"]
[Date "2010.09.23"]
[Round "3"]
[White "Franco Valencia, Angela Maria"]
[Black "Karsokaite, Irena"]
[Result "1-0"]
[WhiteTitle "WFM"]
[WhiteElo "2148"]
[BlackElo "1660"]
[Board "25.3"]
[WhiteTeam "COL"]
[BlackTeam "IBCA"]
[WhiteFideId "4403070"]
[BlackFideId "12805220"]
[EventDate "2010.09.21"]
[EventType "team"]

1. e4 c5 2. Nf3 e6 3. d4 cxd4 4. Nxd4 a6 5. Be2 Nf6 6. Nc3 d6 7. O-O Nbd7 8. f4
b5 9. Bf3 Bb7 10. Re1 Be7 11. e5 Bxf3 12. Qxf3 dxe5 13. Nc6 Bc5+ 14. Kh1 Qc8 15.
fxe5 Ng8 16. Bg5 Ne7 17. Bxe7 Bxe7 18. Nxe7 Kxe7 19. Ne4 Nxe5 20. Qa3+ Kd8 21.
Rad1+ Nd7 22. Nd6 Qc6 23. Nxf7+ Kc7 24. Nxh8 Rxh8 25. Qe7 b4 26. Rxe6 Qb5 27.
Red6 Rd8 28. Qxg7 Qf5 29. Qd4 Qb5 30. Qa7+ Kc8 31. Qxa6+ Qxa6 32. Rxa6 1-0

[Event "39th Olympiad Women"]
[Site "Khanty-Mansiysk RUS"]
[Date "2010.09.23"]
[Round "3"]
[White "Shabanaj, Eglantina"]
[Black "Yuan, Yuanling"]
[Result "0-1"]
[BlackTitle "WIM"]
[WhiteElo "2070"]
[BlackElo "2189"]
[Board "26.1"]
[WhiteTeam "ALB"]
[BlackTeam "CAN"]
[WhiteFideId "4700562"]
[BlackFideId "8604541"]
[EventDate "2010.09.21"]
[EventType "team"]

1. d4 Nf6 2. Nf3 g6 3. g3 Bg7 4. Bg2 O-O 5. O-O d6 6. Re1 Nc6 7. e4 e5 8. d5 Ne7
9. Bg5 h6 10. Be3 Ng4 11. Bd2 f5 12. Nc3 Nf6 13. exf5 gxf5 14. Nh4 Qe8 15. Qe2
Qf7 16. Rad1 a6 17. Bc1 Ng6 18. Nxg6 Qxg6 19. Qc4 Rf7 20. b4 Bf8 21. Ne2 h5 22.
Qh4 Rg7 23. f4 Be7 24. Qh3 Bd7 25. c4 Kf7 26. c5 e4 27. Nd4 dxc5 28. Ne6 Bxe6
29. dxe6+ Kg8 30. Bb2 cxb4 31. Bxf6 Bxf6 32. Rd5 Rf8 33. Kh1 Be7 34. Re2 c6 35.
Rd7 Qxe6 36. Rxb7 Qd5 37. Re1 Qd2 38. Rg1 e3 39. Qxh5 e2 40. Rxe7 Rxe7 41. Qg6+
Rg7 42. Qe6+ Rff7 43. Bxc6 Kh7 44. Bf3 Qc2 45. Qxe2 Qxe2 46. Bxe2 a5 47. Bd3 Kh8
48. Rc1 Rc7 49. Rxc7 Rxc7 50. Bxf5 a4 51. Be6 Rc3 52. Kg2 a3 53. g4 b3 54. g5
Rc2+ 55. Kf3 b2 0-1

[Event "39th Olympiad Women"]
[Site "Khanty-Mansiysk RUS"]
[Date "2010.09.23"]
[Round "3"]
[White "Cimaj, Rozana"]
[Black "Orlova, Yelizaveta"]
[Result "0-1"]
[WhiteElo "1972"]
[BlackElo "1917"]
[Board "26.3"]
[WhiteTeam "ALB"]
[BlackTeam "CAN"]
[WhiteFideId "4700147"]
[BlackFideId "2601826"]
[EventDate "2010.09.21"]
[EventType "team"]

1. e4 c5 2. d4 cxd4 3. c3 d3 4. Bxd3 g6 5. Ne2 Bg7 6. O-O d6 7. Nd2 Nd7 8. Nb3
b6 9. Nbd4 Bb7 10. Ng3 Ngf6 11. Qe2 O-O 12. f4 Nc5 13. f5 Ng4 14. Qxg4 Nxd3 15.
fxg6 hxg6 16. Bg5 Ne5 17. Qh4 Re8 18. Rf2 Qd7 19. Raf1 Ba6 20. Nge2 f6 21. Bc1
Kf7 22. Nf3 Nxf3+ 23. gxf3 Rh8 24. Qg3 Rag8 25. Rd1 Bf8 26. f4 Bb7 27. Qd3 f5
28. Qc4+ e6 29. e5 d5 30. Nd4 0-1

[Event "39th Olympiad Women"]
[Site "Khanty-Mansiysk RUS"]
[Date "2010.09.23"]
[Round "3"]
[White "Kagramanov, Dalia"]
[Black "Pasku, Roela"]
[Result "1-0"]
[BlackTitle "WCM"]
[WhiteElo "1866"]
[BlackElo "1912"]
[Board "26.4"]
[WhiteTeam "CAN"]
[BlackTeam "ALB"]
[WhiteFideId "2604728"]
[BlackFideId "4700708"]
[EventDate "2010.09.21"]
[EventType "team"]

1. e4 d6 2. d4 g6 3. Nc3 Nf6 4. Be3 Bg7 5. Qd2 O-O 6. f3 Nc6 7. g4 e5 8. Nge2
exd4 9. Nxd4 Ne5 10. Be2 a6 11. h3 Be6 12. f4 Nc4 13. Nxe6 Nxd2 14. Nxd8 Ndxe4
15. Nxb7 Nxc3 16. bxc3 Nd5 17. Bd4 Nxf4 18. Bxg7 Kxg7 19. Bf3 Rab8 20. Kd2 Rfe8
21. Na5 d5 22. h4 c5 23. Rhe1 Re6 24. Rab1 Reb6 25. Rxb6 Rxb6 26. Nb3 c4 27. Nc1
Rd6 28. Ne2 Ne6 29. Ke3 h6 30. Rd1 Nc7 31. Nf4 g5 32. hxg5 hxg5 33. Nxd5 Nb5 34.
a4 Re6+ 35. Kf2 Nd6 36. Rd4 Kg6 37. Ne3 Nc8 38. Nxc4 Ne7 39. Rd6 Kf6 40. Bb7
Rxd6 41. Nxd6 Ke5 42. Nxf7+ Kf4 43. Nh6 a5 44. c4 Ng6 45. c5 Ke5 46. Ke3 Ke6 47.
c6 1-0

[Event "39th Olympiad Women"]
[Site "Khanty-Mansiysk RUS"]
[Date "2010.09.23"]
[Round "3"]
[White "Nur, Nabila Azman Hisham"]
[Black "Exler, Veronika"]
[Result "1/2-1/2"]
[WhiteTitle "WCM"]
[BlackTitle "WFM"]
[WhiteElo "1829"]
[BlackElo "2130"]
[Board "27.2"]
[WhiteTeam "MAS"]
[BlackTeam "AUT"]
[WhiteFideId "5702135"]
[BlackFideId "1620550"]
[EventDate "2010.09.21"]
[EventType "team"]

1. d4 d5 2. c4 e6 3. Nc3 Bb4 4. Bd2 Nf6 5. e3 O-O 6. Nf3 c5 7. a3 cxd4 8. Nxd4
Bc5 9. Nb3 Bb6 10. c5 Bc7 11. Nb5 Bd7 12. Nxc7 Qxc7 13. Bd3 Ba4 14. Bc3 Nbd7 15.
Bc2 Rfc8 16. Rc1 Bxb3 17. Bxb3 Nxc5 18. Bc2 Qd8 19. O-O Nce4 20. Bd4 b6 21. f3
Nd6 22. Qd3 g6 23. b3 Rc6 24. Bb1 Rac8 25. Rxc6 Rxc6 26. Bb2 Nde8 27. Qxd5 Qe7
28. g4 Kf8 29. h4 Qc5 30. Qe5 Qd6 31. Qxd6+ Rxd6 32. Rc1 Ke7 33. a4 Kd7 34. Bd3
Kd8 35. Be5 Rd7 36. Ba6 Ke7 37. g5 Nh5 38. Bb5 Rd8 39. Bxe8 Kxe8 40. Rc7 Rd7 41.
Rc8+ Rd8 42. Rc7 Rd7 1/2-1/2

[Event "39th Olympiad Women"]
[Site "Khanty-Mansiysk RUS"]
[Date "2010.09.23"]
[Round "3"]
[White "Novkovic, Julia"]
[Black "Marmono, Roslina"]
[Result "1-0"]
[WhiteTitle "WFM"]
[WhiteElo "2134"]
[BlackElo "1933"]
[Board "27.3"]
[WhiteTeam "AUT"]
[BlackTeam "MAS"]
[WhiteFideId "12000086"]
[BlackFideId "5700701"]
[EventDate "2010.09.21"]
[EventType "team"]

1. e4 e6 2. d4 d5 3. Nd2 Nf6 4. e5 Nfd7 5. c3 a6 6. Bd3 c5 7. Ne2 Nc6 8. O-O Qb6
9. Nf3 h6 10. b3 cxd4 11. cxd4 Be7 12. Be3 Qd8 13. Nd2 Nf8 14. Nf4 g5 15. Nh5
Ng6 16. g3 Rg8 17. Kh1 b6 18. f4 Bb7 19. Rc1 gxf4 20. gxf4 Kd7 21. Nf3 Nh4 22.
f5 Nxf3 23. Qxf3 Bg5 24. Nf4 Nb4 25. fxe6+ fxe6 26. Nxe6 Qe7 27. Rc7+ 1-0

[Event "39th Olympiad Women"]
[Site "Khanty-Mansiysk RUS"]
[Date "2010.09.23"]
[Round "3"]
[White "Fong, Mi Yen"]
[Black "Newrkla, Katharina"]
[Result "1/2-1/2"]
[BlackTitle "WFM"]
[WhiteElo "1905"]
[BlackElo "2123"]
[Board "27.4"]
[WhiteTeam "MAS"]
[BlackTeam "AUT"]
[WhiteFideId "5703522"]
[BlackFideId "1621629"]
[EventDate "2010.09.21"]
[EventType "team"]

1. e4 c5 2. Nf3 d6 3. d4 cxd4 4. Nxd4 Nf6 5. Nc3 a6 6. Bg5 Nc6 7. f4 Qb6 8. Nb3
e6 9. Bd3 Be7 10. Qf3 Bd7 11. O-O-O O-O 12. g4 Rfc8 13. Bh4 Qc7 14. Bf2 b5 15.
g5 Ne8 16. h4 Nb4 17. a3 Nxd3+ 18. Qxd3 a5 19. Nd4 Rab8 20. h5 b4 21. axb4 axb4
22. Nb1 Qc4 23. Qxc4 Rxc4 24. Nd2 Rcc8 25. Bh4 Ra8 26. N2b3 Nc7 27. f5 e5 28. f6
exd4 29. fxe7 Nb5 30. Bf2 Bg4 31. Rd3 Be2 32. Rg3 Re8 33. Kd2 Bc4 34. Nxd4 Nxd4
35. Bxd4 Rxe7 36. Re1 Rae8 37. Rge3 Ra8 38. Rg3 Re6 39. Rge3 Ra5 40. e5 Rd5 41.
c3 dxe5 42. Rxe5 Rexe5 43. Rxe5 Rxe5 44. Bxe5 bxc3+ 45. Bxc3 h6 46. gxh6 gxh6
47. Ke3 Bb3 48. Kf4 Bd1 49. Kf5 Bxh5 50. Kf6 Bf3 51. Bd2 h5 52. Bg5 Bc6 1/2-1/2

[Event "39th Olympiad Women"]
[Site "Khanty-Mansiysk RUS"]
[Date "2010.09.23"]
[Round "3"]
[White "Abarca Gonzalez, Damaris"]
[Black "Kovanova, Baira"]
[Result "0-1"]
[BlackTitle "WGM"]
[WhiteElo "1991"]
[BlackElo "2370"]
[Board "28.1"]
[WhiteTeam "CHI"]
[BlackTeam "RUS3"]
[WhiteFideId "3409414"]
[BlackFideId "4164083"]
[EventDate "2010.09.21"]
[EventType "team"]

1. e4 e5 2. Nf3 Nc6 3. Bc4 Nf6 4. d3 Be7 5. O-O O-O 6. c3 d6 7. Re1 Na5 8. Bb5
a6 9. Ba4 b5 10. Bc2 c5 11. d4 Nd7 12. Nbd2 exd4 13. cxd4 Nc6 14. Nf1 Bf6 15.
Ne3 Nxd4 16. Nxd4 Bxd4 17. Nf5 Qf6 18. Nxd4 cxd4 19. f4 Bb7 20. Qh5 d3 21. e5
dxe5 22. Bxd3 e4 23. Bf1 Rac8 24. Be3 Nb6 25. Rad1 Rfd8 26. b3 Rd5 27. Qe2 Rxd1
28. Rxd1 Nd5 29. Qf2 h6 30. g3 Nxe3 31. Qxe3 Rc3 32. Qa7 Qc6 33. Rd8+ Kh7 34.
Rb8 Bc8 35. Qd4 Rc1 36. Rb6 Bh3 0-1

[Event "39th Olympiad Women"]
[Site "Khanty-Mansiysk RUS"]
[Date "2010.09.23"]
[Round "3"]
[White "Bezgodova, Svetlana"]
[Black "Toro Pradenas, Maria Jose"]
[Result "1-0"]
[BlackTitle "WFM"]
[WhiteElo "2120"]
[BlackElo "1951"]
[Board "28.2"]
[WhiteTeam "RUS3"]
[BlackTeam "CHI"]
[WhiteFideId "4110650"]
[BlackFideId "3412610"]
[EventDate "2010.09.21"]
[EventType "team"]

1. Nf3 Nf6 2. g3 d5 3. Bg2 c6 4. O-O Nbd7 5. d4 g6 6. b3 Bg7 7. Bb2 O-O 8. c4
Re8 9. cxd5 cxd5 10. Nc3 e6 11. Rc1 a6 12. Qc2 b5 13. a4 Rb8 14. axb5 axb5 15.
Ra1 b4 16. Na4 Ba6 17. Rfc1 Bf8 18. Ne5 Nxe5 19. dxe5 Rc8 20. Qd2 Ne4 21. Qe3
Bb5 22. Rxc8 Qxc8 23. Rc1 Qa6 24. f3 Bxa4 25. fxe4 d4 26. Bxd4 Bb5 27. Ra1 Qc6
28. Bf3 Rc8 29. Kg2 Qc2 30. Ra5 Be8 31. Qd3 Qc7 32. Ra7 Qb8 33. Qa6 Rc6 34. Qa5
Rc8 35. Bb6 Kg7 36. Bc7 Qb5 37. Qxb5 Bxb5 38. Bd6 Bc6 39. Kf2 Rd8 1-0

[Event "39th Olympiad Women"]
[Site "Khanty-Mansiysk RUS"]
[Date "2010.09.23"]
[Round "3"]
[White "Jorquera Cabello, Valentina"]
[Black "Kabanova, Ekaterina"]
[Result "0-1"]
[WhiteElo "1970"]
[BlackElo "2177"]
[Board "28.3"]
[WhiteTeam "CHI"]
[BlackTeam "RUS3"]
[WhiteFideId "3405494"]
[BlackFideId "24112917"]
[EventDate "2010.09.21"]
[EventType "team"]

1. e4 c5 2. Nf3 e6 3. d3 Nc6 4. g3 g6 5. Bg2 Bg7 6. O-O Nge7 7. Re1 O-O 8. c3 b6
9. e5 Qc7 10. d4 cxd4 11. cxd4 d5 12. Bg5 Re8 13. Nbd2 Ba6 14. Bf1 Bxf1 15. Nxf1
Rac8 16. Rc1 Qb7 17. Ne3 a5 18. Ng4 Rf8 19. Nf6+ Kh8 20. Qd2 Nb4 21. a3 Nbc6 22.
g4 Ng8 23. h4 Rc7 24. h5 Rfc8 25. Nh4 Bf8 26. Nxg8 Kxg8 27. Bf6 a4 28. f4 Nxd4
29. Rxc7 Qxc7 30. f5 Qc2 31. Qg5 h6 32. Qe3 Bc5 33. Kf1 Nxf5 34. Qf3 Nd4 35. Qf4
Qd3+ 36. Kg2 Ne2 37. Qf3 Qxf3+ 38. Nxf3 Nf4+ 39. Kg3 g5 40. Rd1 Kf8 41. Ne1 Be3
42. Nd3 Nxd3 43. Rxd3 d4 44. Kf3 b5 45. b4 Bc1 46. Ke4 Bb2 47. Rd2 Bxa3 48. Rxd4
Bb2 49. Rd7 Ra8 50. Kd3 a3 0-1

[Event "39th Olympiad Women"]
[Site "Khanty-Mansiysk RUS"]
[Date "2010.09.23"]
[Round "3"]
[White "Yakupova, Aysyla"]
[Black "Cortes Arias, Mariela"]
[Result "1-0"]
[WhiteElo "2117"]
[BlackElo "1772"]
[Board "28.4"]
[WhiteTeam "RUS3"]
[BlackTeam "CHI"]
[WhiteFideId "4197569"]
[BlackFideId "3405478"]
[EventDate "2010.09.21"]
[EventType "team"]

1. e4 c5 2. Nf3 Nf6 3. Nc3 d5 4. e5 d4 5. exf6 dxc3 6. fxe7 cxd2+ 7. Bxd2 Bxe7
8. Bc3 Qxd1+ 9. Rxd1 O-O 10. Bd3 Nc6 11. a3 Bg4 12. O-O Rfd8 13. Rfe1 Bxf3 14.
gxf3 Bf8 15. Be4 Rxd1 16. Rxd1 Rd8 17. Rxd8 Nxd8 18. Be5 Nc6 19. Bxc6 bxc6 20.
Kf1 f5 21. Ke2 Kf7 22. Kd3 Ke6 23. Bb8 a6 24. Kc4 Bd6 25. Bxd6 Kxd6 26. f4 a5
27. h4 g6 28. b3 h6 29. a4 h5 30. f3 Kd7 31. Kxc5 Kc7 32. c3 Kb7 33. b4 axb4 34.
cxb4 Kc7 35. a5 1-0

[Event "39th Olympiad Women"]
[Site "Khanty-Mansiysk RUS"]
[Date "2010.09.23"]
[Round "3"]
[White "Sabure, Tuduetso"]
[Black "Fierro Baquero, Martha L."]
[Result "0-1"]
[WhiteTitle "WGM"]
[BlackTitle "IM"]
[WhiteElo "2019"]
[BlackElo "2368"]
[Board "29.1"]
[WhiteTeam "BOT"]
[BlackTeam "ECU"]
[WhiteFideId "11300248"]
[BlackFideId "3600270"]
[EventDate "2010.09.21"]
[EventType "team"]

1. e4 c5 2. Nf3 g6 3. d4 cxd4 4. Nxd4 Nc6 5. Nxc6 bxc6 6. Bc4 Bg7 7. Qf3 Nf6 8.
Nc3 O-O 9. O-O Qc7 10. Bf4 d6 11. Rfe1 Nd7 12. Bb3 a5 13. a4 Rb8 14. Rad1 Nc5
15. Nb1 Nxb3 16. cxb3 Bxb2 17. Nd2 Bg7 18. Nc4 Be6 19. e5 d5 20. Nd2 Rfc8 21.
Rc1 Rb4 22. Rc5 Qd8 23. Rec1 Bd7 24. h3 e6 25. Qg3 h6 26. h4 Bf8 27. R5c3 Rcb8
28. Kh2 Bg7 29. Rd3 Qc7 30. Kh3 Rxf4 31. Qxf4 Bxe5 32. Qe3 Bf4 33. Qe2 e5+ 34.
g4 h5 35. f3 e4 36. Rxd5 exf3 37. Rxd7 Qxd7 38. Qxf3 hxg4+ 39. Qxg4 Qxg4+ 40.
Kxg4 Bxd2 41. Rxc6 Rxb3 0-1

[Event "39th Olympiad Women"]
[Site "Khanty-Mansiysk RUS"]
[Date "2010.09.23"]
[Round "3"]
[White "Mudongo, Boikhutso"]
[Black "Moncayo Romero, Evelyn"]
[Result "0-1"]
[WhiteTitle "WFM"]
[BlackTitle "WIM"]
[WhiteElo "1876"]
[BlackElo "2127"]
[Board "29.3"]
[WhiteTeam "BOT"]
[BlackTeam "ECU"]
[WhiteFideId "11300230"]
[BlackFideId "3600424"]
[EventDate "2010.09.21"]
[EventType "team"]

1. e4 c5 2. Nf3 d6 3. d4 cxd4 4. Nxd4 Nf6 5. Nc3 a6 6. Bd3 e5 7. Nb3 Be6 8. Qe2
Nc6 9. a3 Be7 10. Be3 b5 11. f3 O-O 12. O-O Qc7 13. Kh1 Na5 14. Nxa5 Qxa5 15. f4
Rac8 16. Nd5 Bxd5 17. exd5 e4 18. Bd4 exd3 19. Qxe7 Rfe8 20. Qxd6 dxc2 21. Bc3
Ne4 22. Bxa5 Nxd6 23. Rac1 Nc4 24. Bc3 Ne3 25. d6 Nxf1 26. d7 Ne3 27. Bd4 Nc4
28. dxc8=Q Rxc8 29. Rxc2 Rd8 30. Bg1 f6 31. h3 Kf7 32. Re2 Rd2 33. Rxd2 Nxd2 34.
g4 Nc4 35. Bd4 Ke6 36. Kg2 Kd5 37. Bc3 Ke4 38. g5 fxg5 39. fxg5 g6 40. Kg3 Kd3
41. h4 Nxa3 42. h5 Nc4 43. hxg6 hxg6 44. Kf4 a5 45. Bg7 a4 46. Bf6 Kc2 47. Bd4
Nxb2 48. Bc5 Nd3+ 0-1

[Event "39th Olympiad Women"]
[Site "Khanty-Mansiysk RUS"]
[Date "2010.09.23"]
[Round "3"]
[White "Romero Echeverria, Abigail"]
[Black "Sabure, Ontiretse"]
[Result "1-0"]
[BlackTitle "WCM"]
[WhiteElo "2058"]
[BlackElo "1729"]
[Board "29.4"]
[WhiteTeam "ECU"]
[BlackTeam "BOT"]
[WhiteFideId "3603806"]
[BlackFideId "11300701"]
[EventDate "2010.09.21"]
[EventType "team"]

1. e4 c6 2. d4 d5 3. exd5 cxd5 4. Bd3 e6 5. Nf3 Nc6 6. c3 Nge7 7. O-O Qc7 8. Qe2
Ng6 9. g3 Bd6 10. Nbd2 O-O 11. Ng5 Nce7 12. c4 h6 13. Ngf3 Nf5 14. b3 Bd7 15.
Bb2 Rae8 16. Rac1 Nxg3 17. fxg3 Bxg3 18. Bxg6 fxg6 19. hxg3 Qxg3+ 20. Qg2 Qf4
21. Ne5 Qe3+ 22. Kh1 Rxf1+ 23. Nxf1 1-0

[Event "39th Olympiad Women"]
[Site "Khanty-Mansiysk RUS"]
[Date "2010.09.23"]
[Round "3"]
[White "Samaganova, Alexandra"]
[Black "Fomina, Tatyana"]
[Result "1-0"]
[BlackTitle "WIM"]
[WhiteElo "2080"]
[BlackElo "2256"]
[Board "30.1"]
[WhiteTeam "KGZ"]
[BlackTeam "EST"]
[WhiteFideId "13800221"]
[BlackFideId "4500156"]
[EventDate "2010.09.21"]
[EventType "team"]

1. c4 e6 2. g3 f5 3. Bg2 Nf6 4. Nc3 Be7 5. d3 O-O 6. e3 Qe8 7. Rb1 a5 8. a3 Na6
9. Bd2 Rb8 10. Nge2 b6 11. O-O Bb7 12. f3 Kh8 13. Qc2 d5 14. e4 dxc4 15. dxc4
fxe4 16. Nxe4 Bxe4 17. fxe4 Bc5+ 18. Kh1 Ng4 19. h3 Ne3 20. Bxe3 Bxe3 21. Qc3
Bh6 22. Rxf8+ Qxf8 23. Rf1 Qe7 24. Nd4 Re8 25. Nc6 Qc5 26. Ne5 Be3 27. Rd1 Kg8
28. h4 Bh6 29. Bh3 Qf8 30. Rf1 Qe7 31. Rf7 Qd8 32. Qf3 g6 33. Rd7 1-0

[Event "39th Olympiad Women"]
[Site "Khanty-Mansiysk RUS"]
[Date "2010.09.23"]
[Round "3"]
[White "Gansvind, Valeriya I."]
[Black "Ostry, Irina"]
[Result "1/2-1/2"]
[WhiteTitle "WFM"]
[BlackTitle "WIM"]
[WhiteElo "2218"]
[BlackElo "2197"]
[Board "30.2"]
[WhiteTeam "EST"]
[BlackTeam "KGZ"]
[WhiteFideId "4109821"]
[BlackFideId "13800060"]
[EventDate "2010.09.21"]
[EventType "team"]

1. d4 g6 2. g3 Bg7 3. Bg2 c6 4. e4 d6 5. c3 Nf6 6. Ne2 O-O 7. h3 e5 8. Be3 Re8
9. Nd2 d5 10. dxe5 Nxe4 11. Nxe4 dxe4 12. Qxd8 Rxd8 13. Bxe4 Bxe5 14. g4 Nd7 15.
Rd1 Re8 16. Bc2 Nb6 17. O-O h5 18. f3 Be6 19. Bxb6 axb6 20. Bb3 Bxb3 21. axb3
hxg4 22. fxg4 Bh2+ 23. Kf2 Ra2 24. Rd2 Be5 25. Kg2 Re7 26. Rf3 Kg7 27. Rfd3 Bf6
28. Nd4 Bg5 29. Rf2 Re3 30. Rd1 Bh4 31. Rc2 Rg3+ 32. Kh2 Re3 33. Kg2 Rg3+ 34.
Kh2 Re3 1/2-1/2